Extreme philosophy: (Record no. 1435796)

MARC details
000 -LEADER
fixed length control field 00788 a2200229 4500
005 - DATE AND TIME OF LATEST TRANSACTION
control field 20251022131135.0
008 - FIXED-LENGTH DATA ELEMENTS--GENERAL INFORMATION
fixed length control field 251022b |||||||| |||| 00| 0 eng d
020 ## - INTERNATIONAL STANDARD BOOK NUMBER
International Standard Book Number 9781032317380 (pbk)
037 ## - SOURCE OF ACQUISITION
Terms of availability TB
040 ## - CATALOGING SOURCE
Original cataloging agency CRL
Transcribing agency CRL
041 ## - LANGUAGE CODE
Source of code eng
Language code of text/sound track or separate title eng
084 ## - COLON CLASSIFICATION NUMBER
Classification number R R4
Assigning agency CRL
245 ## - TITLE STATEMENT
Title Extreme philosophy:
Remainder of title bold ideas and a spirit o progress
260 ## - PUBLICATION, DISTRIBUTION, ETC.
Place of publication, distribution, etc. New York, USA;
-- London, UK:
Name of publisher, distributor, etc. Routledge Taylor & Francis Group,
Date of publication, distribution, etc. 2024.
300 ## - PHYSICAL DESCRIPTION
Extent x, 309p.
365 ## - TRADE PRICE
Price amount 44.99
Currency code UKP
650 ## - SUBJECT ADDED ENTRY--TOPICAL TERM
Topical term or geographic name entry element Moral
9 (RLIN) 849217
650 ## - SUBJECT ADDED ENTRY--TOPICAL TERM
Topical term or geographic name entry element Philosophy
9 (RLIN) 849218
700 ## - ADDED ENTRY--PERSONAL NAME
Personal name Stephen, Hetherington
Relator term editor.
9 (RLIN) 849219
942 ## - ADDED ENTRY ELEMENTS (KOHA)
Koha item type Textbook
Source of classification or shelving scheme Colon Classification (CC)
Suppress in OPAC No
Classification part R R4
Holdings
Withdrawn status Lost status Source of classification or shelving scheme Damaged status Not for loan Home library Current library Date acquired Source of acquisition Cost, normal purchase price Inventory number Total Checkouts Full call number Barcode Date last seen Cost, replacement price Price effective from Koha item type
    Colon Classification (CC)     Central Library Central Library 2025-10-13 26/ Efficient Book Distributors 4300.33 9426 & 2025-10-01   R R4 CL1923924 2025-10-13 5375.41 2025-10-13 Textbook
Copyright @ Delhi University Library System